<?xml version="1.0" encoding="UTF-8"?>
<record
    xmlns:xsi="http://www.w3.org/2001/XMLSchema-instance"
    xsi:schemaLocation="http://www.loc.gov/MARC21/slim http://www.loc.gov/standards/marcxml/schema/MARC21slim.xsd"
    xmlns="http://www.loc.gov/MARC21/slim">

  <leader>01742nam a22002177a 4500</leader>
  <controlfield tag="005">20230316100247.0</controlfield>
  <controlfield tag="008">230310b           ||||| |||| 00| 0 eng d</controlfield>
  <datafield tag="020" ind1=" " ind2=" ">
    <subfield code="a">9789332550452</subfield>
  </datafield>
  <datafield tag="040" ind1=" " ind2=" ">
    <subfield code="c">AL</subfield>
  </datafield>
  <datafield tag="041" ind1=" " ind2=" ">
    <subfield code="a">eng</subfield>
  </datafield>
  <datafield tag="082" ind1=" " ind2=" ">
    <subfield code="2">23</subfield>
    <subfield code="a">153</subfield>
    <subfield code="b">SMIC</subfield>
  </datafield>
  <datafield tag="100" ind1=" " ind2=" ">
    <subfield code="a">Edward E Smith</subfield>
    <subfield code="9">74891</subfield>
  </datafield>
  <datafield tag="245" ind1=" " ind2=" ">
    <subfield code="a">Cognitive psychology</subfield>
    <subfield code="b">: Mind and brain</subfield>
  </datafield>
  <datafield tag="260" ind1=" " ind2=" ">
    <subfield code="a">India</subfield>
    <subfield code="b">Pearson</subfield>
    <subfield code="c">2015</subfield>
  </datafield>
  <datafield tag="300" ind1=" " ind2=" ">
    <subfield code="a">624p.</subfield>
    <subfield code="b">PB</subfield>
    <subfield code="c">23x17cm.</subfield>
  </datafield>
  <datafield tag="365" ind1=" " ind2=" ">
    <subfield code="2">General</subfield>
    <subfield code="a">8202</subfield>
    <subfield code="b">&#x20B9;639.00</subfield>
    <subfield code="c">&#x20B9;</subfield>
    <subfield code="d">&#x20B9;799.00</subfield>
    <subfield code="e">20%</subfield>
    <subfield code="f">3-03-2023</subfield>
  </datafield>
  <datafield tag="520" ind1=" " ind2=" ">
    <subfield code="a">Based on a need for a text that could accurately, productively and seamlessly integrate information on both the brain and neural processing, Edward E. Smith (Columbia University) and Stephen M. Kosslyn (Harvard University) created Cognitive Psychology: Mind and Brain 1e. Without question, the study of cognition has progressed enormously over the past decade. Most importantly, much of the recent progress in cognitive studies has come from the advent of cognitive neuroscience, which uses neuroscientific methods and data to address psychological issues. However, throughout years of academic teaching, the authors came to realize that no currently available book was able to summarize and make accessible the major findings, theories and research the field had produced. Now, in this text's first edition, these issues have been addressed. Using findings in neuroscience to illuminate and motivate key distinctions in cognitive psychology, the authors have written a cognitive psychology book that is informed by neuroscience - the first of its kind and one poised to set a new standard in undergraduate cognitive studies.</subfield>
  </datafield>
  <datafield tag="650" ind1=" " ind2=" ">
    <subfield code="2">Psychology</subfield>
    <subfield code="a">Cognitive Psychology</subfield>
    <subfield code="9">74892</subfield>
  </datafield>
  <datafield tag="700" ind1=" " ind2=" ">
    <subfield code="a">Kosslyn, Stephen M.</subfield>
    <subfield code="9">74893</subfield>
  </datafield>
  <datafield tag="942" ind1=" " ind2=" ">
    <subfield code="2">ddc</subfield>
    <subfield code="c">BK</subfield>
  </datafield>
  <datafield tag="999" ind1=" " ind2=" ">
    <subfield code="c">226964</subfield>
    <subfield code="d">226964</subfield>
  </datafield>
  <datafield tag="952" ind1=" " ind2=" ">
    <subfield code="0">0</subfield>
    <subfield code="1">0</subfield>
    <subfield code="2">ddc</subfield>
    <subfield code="4">0</subfield>
    <subfield code="7">0</subfield>
    <subfield code="8">CPSY</subfield>
    <subfield code="a">SACPG</subfield>
    <subfield code="b">SACPG</subfield>
    <subfield code="d">2023-03-08</subfield>
    <subfield code="e">Biblios Book Point</subfield>
    <subfield code="g">639.00</subfield>
    <subfield code="l">0</subfield>
    <subfield code="o">153 SMIC</subfield>
    <subfield code="p">PG024281</subfield>
    <subfield code="r">2023-03-10 00:00:00</subfield>
    <subfield code="v">799.00</subfield>
    <subfield code="w">2023-03-10</subfield>
    <subfield code="y">BK</subfield>
  </datafield>
</record>
